01270nam a2200301Ia 4500001001100000003000800011006001900019007001500038008004100053010001700094020002200111040002100133035002100154050002300175082001900198100004700217245014600264260004900410300001100459490003700470533015200507600006900659651002700728651004200755655002900797710001700826856012500843ebr5003628CaPaEBRm u cr cn|||||||||910510s2001 cau s 000 0deng d z 91019032  z1589761162 (v. 2) aCaPaEBRcCaPaEBR a(OCoLC)56780817614aDT472b.B85 2001eb04a916.604/232201 aBurton, Richard Francis,cSir,d1821-1890.10aWanderings in West Africa from Liverpool to Fernando Poh[electronic resource] :bgrom Liverpool to Fernando Po /cby Richard Francis Burton. aSanta Barbara, CA :bNarrative Press,c2001. a249 p.0 aWanderings in West Africa ;vv.2 aElectronic reproduction.bPalo Alto, Calif. :cebrary,d2011.nAvailable via World Wide Web.nAccess may be limited to ebrary affiliated libraries.10aBurton, Richard Francis,cSir,d1821-1890xTravelzAfrica, West. 0aAfrica, WestxHistory. 0aAfrica, WestxDescription and travel. 7aElectronic books.2local2 aebrary, Inc.40uhttp://site.ebrary.com/lib/rucke/Doc?id=5003628zAn electronic book accessible through the World Wide Web; click to view